000 00806cam a2200265 4500
001 D1930
008 090401t1983 xxu||||| |||| 00| 0 eng d
035 _a(Sirsi) u66539
041 _aeng
050 _a690.25
110 _aBuilding Research Establishment
245 _aExternal masonry cavity walls: wall ties - selection and specification.
260 _aGarston, Watford
_bBRE
_c1983
300 _a1 sheet : ill. ; 30cm.
350 _a0
490 _aDefect Action Sheet
_v19 (Design)
490 _aDAS
_v19
650 _aCAVITY WALLS
650 _aEXTERNAL MASONRY
650 _aBUILT ENVIRONMENT-BUILDING ELEMENTS-COMPLETE BUILDING ELEMENTS-WALLS-EXTERNAL WALLS
650 _aWALL TIES
690 _aBUILDING AND CONSTRUCTION-DEFECTS AND FAILURES
942 _n0
948 _c04/03/1997
999 _c94891
_d94891